| 000 | 00766cam a22002657a 4500 | ||
|---|---|---|---|
| 003 | CHAP | ||
| 005 | 20220817042322.0 | ||
| 008 | 971013s1969 r 00010 d | ||
| 010 | _a40691 | ||
| 011 | _a41663 | ||
| 035 | _a45789 | ||
| 040 | _cCHAP | ||
| 090 | _aFolleto 9429 | ||
| 110 |
_aENA. Departamento de Bosques _936691 |
||
| 245 | 0 | _aEnsayo de diferentes tamaños de envases para Eucalyptus camaldulensis | |
| 260 |
_aChapingo, Méx. : _bENA, _c1969 |
||
| 300 |
_a12 h. _b; plano ; gráfs. |
||
| 590 |
_aBATCH-UPD _b10 _c20130110 _lUCH01 _h1358 |
||
| 590 |
_aCONVERSION _b10 _c20130109 _lUCH01 _h1322 |
||
| 650 | 0 | 4 |
_aEnvases. _937170 |
| 650 | 1 | 4 | _aEucalipto. |
| 901 | _aBK | ||
| 942 | _cFOLL | ||
| 949 |
_aFolleto 9429 _bBC _cUACH _d-104493 _eUACH _i45789 _si |
||
| 999 |
_c40691 _d40691 |
||